NBA2K24: '24 NBA Series 1 Collection Rewards - Statistics

General Stats
  • This quiz has been taken 73 times
  • The average score is 22 of 32
Answer Stats
Team - Number - Position Answer % Correct
76ers-21-C Joel Embiid
100%
Nuggets-27-PG/SG Jamal Murray
95%
Hawks-5-SG/SF Dejounte Murray
91%
Heat-13-C/PF Bam Adebayo
86%
Knicks-11-PG/SG Jalen Brunson
83%
Bucks-22-SF/PF Khris Middleton
82%
Cavaliers-10-PG/SG Darius Garland
77%
Clippers-0-PG/SG Russell Westbrook
73%
Pacers-33-C Myles Turner
71%
Warriors-22-SF/PF Andrew Wiggins
70%
Rockets-4-SG/SF Jalen Green
70%
Grizzlies-13-PF/C Jaren Jackson Jr.
70%
Heat-7-PG/SG Kyle Lowry
70%
Bulls-9-C Nikola Vucevic
70%
Timberwolves-27-C Rudy Gobert
70%
Nuggets-50-PF/SF Aaron Gordon
67%
Kings -10-C Domantas Sabonis
67%
Magic-5-PF/C Paolo Banchero
67%
Lakers-15-SF/SG Austin Reaves
65%
Trail Blazers-9-PF/SF Jerami Grant
62%
Suns-22-C Deandre Ayton
61%
Thunder-8-SF/PF Jalen Williams
61%
Pelicans-3-PG/SG C.J. McCollum
59%
Jazz-23-PF/C Lauri Markkanen
59%
Nets-2-PF/SF Cameron Johnson
58%
Hornets-3-SG/PG Terry Rozier III
58%
Pistons-44-SF/PF Bojan Bogdanovic
53%
Raptors-3-SF/PF OG Anunoby
53%
Spurs-24-SF/SG Devin Vassell
50%
Wizards-21-C Daniel Gafford
47%
Mavericks-11-SF/SG Tim Hardaway Jr.
47%
Celtics-13-SG/SF Malcolm Brogdon
45%
No matching quizzes found
Score Distribution
Percent of People with Each Score
Percentile by Number Answered
Your Score History
You have not taken this quiz